[Event "Oregon Jr. Closed"]
[Site "?"]
[Date "2013.11.16"]
[Round "1"]
[White "Grabinsky, Aaron"]
[Black "Dalthorp, Matt"]
[Result "1-0"]
[WhiteElo "2163"]
[BlackElo "1850"]
[PlyCount "91"]
[EventDate "2013.11.16"]

1. e4 c5 2. Nc3 Nc6 3. f4 g6 4. Nf3 Bg7 5. Bb5 e6 6. Bxc6 bxc6 7. d3 d5 8. e5
Ne7 9. O-O O-O 10. Na4 c4 11. dxc4 Ba6 12. b3 dxc4 13. Qxd8 Rfxd8 14. Nc5 Bc8
15. Ba3 Nd5 16. Rfd1 c3 17. Ng5 Bf8 18. Nge4 Ba6 19. Bc1 Be2 20. Rd4 Bxc5 21.
Nxc5 Nb6 22. Be3 Nd5 23. Kf2 Nxe3 24. Kxe3 Rxd4 25. Kxd4 Rd8+ 26. Kxc3 h6 27.
Re1 Bh5 28. Ne4 Kg7 29. h3 g5 30. fxg5 hxg5 31. Nxg5 Kg6 32. Ne4 Kg7 33. g4 Bg6
34. h4 Bxe4 35. Rxe4 Rd5 36. b4 Kg6 37. a4 a6 38. Kb3 Kh6 39. Rc4 Rxe5 40. Rxc6
a5 41. b5 Re4 42. Rc4 Re3+ 43. Kb2 Re5 44. b6 Rd5 45. b7 Rd8 46. Rc8 1-0

[Event "Oregon Jr. Closed"]
[Site "?"]
[Date "2013.11.16"]
[Round "2"]
[White "Grabinsky, Aaron"]
[Black "Skalnes, Erik"]
[Result "1-0"]
[WhiteElo "2163"]
[BlackElo "1917"]
[PlyCount "57"]
[EventDate "2013.11.16"]

1. e4 c5 2. Nc3 Nc6 3. f4 g6 4. Nf3 Bg7 5. Bb5 Nd4 6. O-O a6 7. Bd3 d6 8. h3 e6
9. Nxd4 cxd4 10. Ne2 Ne7 11. c3 Nc6 12. Qe1 O-O 13. Qf2 dxc3 14. dxc3 f5 15.
exf5 gxf5 16. Ng3 Qh4 17. Qf3 Bd7 18. Nh5 Bh8 19. Be3 Nd8 20. Bf2 Qe7 21. g4 h6
22. Rae1 Qf7 23. Bh4 Nc6 24. Kh2 Kh7 25. Re2 Rg8 26. Rfe1 Rae8 27. Bb1 Na5 28.
gxf5 Bc6 29. fxe6+ 1-0

[Event "Oregon Jr. Closed"]
[Site "?"]
[Date "2013.11.16"]
[Round "2"]
[White "Saputra, Yogi"]
[Black "Dalthorp, Matt"]
[Result "1/2-1/2"]
[WhiteElo "2023"]
[BlackElo "1850"]
[PlyCount "67"]
[EventDate "2013.11.16"]

1. e4 c5 2. Nf3 d6 3. Bb5+ Bd7 4. Bxd7+ Qxd7 5. O-O Nc6 6. c4 g6 7. d4 cxd4 8.
Nxd4 Bg7 9. Nb3 Nf6 10. Nc3 O-O 11. f4 Rac8 12. c5 dxc5 13. e5 Qxd1 14. Rxd1
Ng4 15. h3 Nh6 16. Nxc5 Nxe5 17. Nd7 Nxd7 18. Rxd7 e6 19. Be3 a6 20. Rxb7 Rb8
21. Rb3 Nf5 22. Ba7 Ra8 23. Bf2 Nd4 24. Rb7 Rab8 25. Rxb8 Rxb8 26. Rd1 Nc6 27.
Rd6 Nb4 28. Ba7 Ra8 29. Bd4 Bxd4+ 30. Rxd4 Nc6 31. Rc4 Ne7 32. Rc7 Kf8 33. Kf2
Rd8 34. Ke2 1/2-1/2

[Event "Oregon Jr. Closed"]
[Site "?"]
[Date "2013.11.16"]
[Round "3"]
[White "Dalthorp, Matt"]
[Black "Skalnes, Erik"]
[Result "0-1"]
[WhiteElo "1850"]
[BlackElo "1917"]
[PlyCount "78"]
[EventDate "2013.11.16"]

1. e4 c5 2. Nf3 Nc6 3. d4 cxd4 4. Nxd4 Nf6 5. Nc3 e5 6. Ndb5 d6 7. Bg5 a6 8.
Bxf6 gxf6 9. Na3 b5 10. Nd5 f5 11. Bd3 Be6 12. c4 bxc4 13. Nxc4 Bxd5 14. exd5
Nd4 15. Qa4+ Ke7 16. O-O f4 17. Na5 Kf6 18. Nc6 Qd7 19. Rfc1 Rg8 20. Rc4 Qh3
21. Be4 f3 22. Bxf3 Qxf3 23. g3 Ne2+ 24. Kf1 Nxg3+ 25. hxg3 Qh1+ 26. Ke2 Qxa1
27. Qc2 Rg6 28. Rf4+ Kg7 29. Rh4 Qxa2 30. Nb4 Qa5 31. Qf5 Rb8 32. Nc6 Rxb2+ 33.
Kf1 Qb5+ 34. Kg1 Rb1+ 35. Kh2 Qf1 36. Qe4 Qg1+ 37. Kh3 Qh1+ 38. Qxh1 Rxh1+ 39.
Kg2 Rxh4 0-1

[Event "Oregon Jr. Closed"]
[Site "?"]
[Date "2013.11.17"]
[Round "4"]
[White "Dalthorp, Matt"]
[Black "Wen, David"]
[Result "1-0"]
[WhiteElo "1850"]
[BlackElo "1886"]
[PlyCount "91"]
[EventDate "2013.11.16"]

1. e4 c6 2. d4 d5 3. e5 Bf5 4. Nc3 e6 5. g4 Bg6 6. Nge2 Bb4 7. Bg2 Ne7 8. h4 h6
9. Be3 Nd7 10. h5 Bh7 11. a3 Ba5 12. b4 Bb6 13. f4 Qc7 14. Na4 f6 15. Nc5 Bxc5
16. bxc5 b6 17. cxb6 Nxb6 18. Bf2 Nc4 19. Ng3 Rb8 20. O-O fxe5 21. dxe5 O-O 22.
Bc5 Rb5 23. Qd4 Rf7 24. a4 Rb7 25. Rf2 Nb6 26. Bf1 Nd7 27. Bd6 Qb6 28. Qxb6
axb6 29. c4 Nc5 30. a5 Nb3 31. a6 Ra7 32. Ra3 Na5 33. cxd5 Nxd5 34. f5 Nc7 35.
fxe6 Rxf2 36. Kxf2 Nxe6 37. Bb8 Rf7+ 38. Kg1 Nc7 39. a7 Na8 40. Bg2 Rf8 41. Ne2
Rd8 42. Nf4 Kf7 43. e6+ Ke7 44. Rc3 Rc8 45. Nd5+ Kd8 46. Nb4 1-0

[Event "Oregon Jr. Closed"]
[Site "?"]
[Date "2013.11.17"]
[Round "5"]
[White "Grabinsky, Aaron"]
[Black "Wen, David"]
[Result "1/2-1/2"]
[WhiteElo "2163"]
[BlackElo "1886"]
[PlyCount "80"]
[EventDate "2013.11.16"]

1. e4 c6 2. d4 d5 3. exd5 cxd5 4. Bd3 Nc6 5. c3 Nf6 6. Bf4 Bg4 7. Qb3 Qd7 8.
Nd2 e6 9. Ngf3 Be7 10. O-O O-O 11. Rae1 Bxf3 12. Nxf3 a6 13. Ne5 Nxe5 14. Bxe5
Ng4 15. Bg3 Bd6 16. Qd1 Nf6 17. Be5 Bxe5 18. dxe5 Ne8 19. Re3 g6 20. h4 Ng7 21.
Be2 Qc7 22. Bg4 h5 23. Bh3 Qe7 24. g3 Rac8 25. f4 Rfd8 26. Rd3 b5 27. Qe1 Rc4
28. b3 Rc6 29. g4 Qc5+ 30. Kh2 Kf8 31. f5 hxg4 32. f6 gxh3 33. fxg7+ Kxg7 34.
Rxh3 Rh8 35. h5 b4 36. cxb4 Qd4 37. Qg3 Rc2+ 38. Kh1 Qe4+ 39. Kg1 Qd4+ 40. Kh1
Qe4+ 1/2-1/2

[Event "PCC G60 November"]
[Site "Portland, OR"]
[Date "2013.11.30"]
[Round "4"]
[White "Kian Patel"]
[Black "Moshe Rachmuth"]
[Result "0-1"]
[WhiteElo "1622"]
[BlackElo "1835"]
[PlyCount "42"]
[EventDate "2013.11.30"]
[EventType "swiss"]
[EventCountry "USA"]

1. c4 Nc6 2. Nc3 Nf6 3. g3 e5 4. Bg2 Bb4 5. a3 Bxc3 6. bxc3 O-O 7. d4 Rb8 8. d5
Na5 9. Qa4 b6 10. Rb1 Ba6 11. c5 e4 12. Bg5 bxc5 13. Rxb8 Qxb8 14. Qxa5 Qb1+
15. Kd2 Qb2+ 16. Kd1 Bc4 17. f3 Nxd5 18. Qxc5 e3 19. Bxe3 Re8 20. Bd2 Qb1+ 21.
Bc1 Ne3+ 0-1

[Event "Casual Game"]
[Site "Boise, ID"]
[Date "2013.12.12"]
[Round "?"]
[White "Stinar, Jacob"]
[Black "Taylor, Shane"]
[Result "1-0"]
[WhiteElo "1627"]
[BlackElo "1454"]
[PlyCount "71"]
[EventDate "2013.12.12"]

1. c4 Nf6 2. Nc3 g6 3. d4 Bg7 4. e3 O-O 5. Nf3 d6 6. Be2 Bf5 7. Bd2 c6 8. Ng5
h6 9. e4 Bc8 10. Nf3 a6 11. h3 b5 12. Qc1 Kh7 13. g4 b4 14. Na4 Nxe4 15. Bxb4
c5 16. Bc3 Bb7 17. Qe3 f5 18. Rh2 fxg4 19. hxg4 Nd7 20. O-O-O h5 21. d5 Bh6 22.
g5 Nxc3 23. Nxc3 Bg7 24. Qe4 Ne5 25. Nxe5 Bxe5 26. Rxh5+ Kg7 27. Bd3 Qe8 28.
Rh6 Rf5 29. Kb1 Rb8 30. Qh4 Bxd5 31. b3 Be6 32. Rh1 Qg8 33. Nd5 Bxd5 34. cxd5
Qxd5 35. Bc4 Qd4 36. Rxg6+ 1-0

[Event "WA Class Championship"]
[Site "Lynnwood, WA"]
[Date "2013.11.30"]
[Round "2"]
[White "Oshiro Michael  (WA)"]
[Black "Bragg David  (WA)"]
[Result "0-1"]
[WhiteElo "2101"]
[BlackElo "2200"]
[PlyCount "55"]
[EventDate "2013.11.29"]

1. d4 Nf6 2. c4 c5 3. d5 b5 4. cxb5 a6 5. Nc3 axb5 6. e4 b4 7. Nb5 d6 8. Bc4 g6
9. e5 dxe5 10. d6 exd6 11. Bg5 Ra5 12. Nf3 Be6 13. Bxe6 fxe6 14. Nxd6+ Bxd6 15.
Bxf6 Qxf6 16. Qxd6 Nd7 17. Rd1 Ra7 18. Qc6 e4 19. Rd6 O-O 20. Qxe4 Qf5 21. Qxf5
exf5 22. O-O Rf6 23. Rxf6 Nxf6 24. Ra1 c4 25. a4 Ne4 26. Nd4 Rd7 27. Nc6 c3 28.
-- 0-1